| 000 | 01162nam a2200301 i 4500 | ||
|---|---|---|---|
| 001 | 768714001 | ||
| 003 | CO-MdFUSB | ||
| 005 | 20210415110249.0 | ||
| 007 | ta | ||
| 008 | 200520t2006 ck |||| |||| 00| 0 spa d | ||
| 020 | _a9587044681 | ||
| 040 |
_aCO-MdFUSB _bspa _cCO-MdFUSB _dCO-MdFUSBC _erda |
||
| 041 | _aspa | ||
| 082 |
_223 _a863.64 _bF954 |
||
| 100 |
_aFuentes, Carlos. _eautor |
||
| 245 |
_aTodas las familias felices _c/ Carlos Fuentes |
||
| 264 | 1 |
_aBogotá, Colombia : _bAlfaguara, _c[2006] |
|
| 264 | 4 | _c©2006 | |
| 300 |
_c421 páginas ; _a21 cm |
||
| 336 |
_2rdacontent _atexto _btxt |
||
| 337 |
_2rdamedia _asin mediación _bn |
||
| 338 |
_2rdacarrier _avolumen _bnc |
||
| 505 | _aUna familia de tantas - El hijo desobediente - Una prima sin gracia - Los lazos conyugales (1) - Madre dolorosa - La madre del marichi - Los novio - La familia armada - El gar divorciado - La familia oficial - La sierva del padre - El matrimonio secreto - El hijo de estrella - El hermano incómodo - Los lazos conyugales (2) - El padre eterno | ||
| 563 | _aRústico | ||
| 650 | 7 |
_2embne _92265 _aLiteratura hispanoamericana |
|
| 942 | _cBK | ||
| 945 | _aDani | ||
| 999 |
_c65885 _d65885 |
||